Alle Pokémon anhand von Bildern erkennen - Kalos - Statistiken

Allgemein
  • Dieses Quiz wurde 36 mal gespielt
  • Das Durchschnittsergebnis liegt bei 44 aus 72
Antwortstatistiken
Bildquiz Antwort % Korrekt
Dedenne
100%
Xerneas
92%
Amagarga
83%
Amarino
83%
Feelinara
83%
Froxy
75%
Fynx
75%
Pam-Pam
75%
Scoppel
75%
Zygarde
75%
Dartiri
67%
Durengard
67%
eF-eM
67%
Eguana
67%
Fennexis
67%
Flauschling
67%
Floette
67%
Mähikel
67%
Psiau
67%
Quajutsu
67%
Resladero
67%
UHaFnir
67%
Yveltal
67%
Amphizel
58%
Arktilas
58%
Arktip
58%
Balgoras
58%
Calamanero
58%
Dartignis
58%
Diancie
58%
Duokles
58%
Fiaro
58%
Flabébé
58%
Florges
58%
Gramokles
58%
Grebbit
58%
Hoopa
58%
Irrbis
58%
Iscalar
58%
Leufeo
58%
Parfi
58%
Parfinesse
58%
Psiaugon
58%
Purmel
58%
Pyroleo
58%
Rocara
58%
Rutena
58%
Scampisto
58%
Tandrak
58%
Tromborrk
58%
Viscargot
58%
Viscogon
58%
Viscora
58%
Volcanion
58%
Wummer
58%
Algitt
50%
Bithora
50%
Brigaron
50%
Chevrumm
50%
Clavion
50%
Coiffwaff
50%
Elezard
50%
Igamaro
50%
Monargoras
50%
Pandagro
50%
Pumpdjinn
50%
Puponcho
50%
Sabbaione
50%
Igastarnish
42%
Paragoni
42%
Thanatora
42%
Vivillon
33%
Keine übereinstimmenden Quizze gefunden
Verteilung der Resultate
Anzahl Personen mit jedem Resultat
Perzentil nach korrekt beantworteten Fragen
Ihre Resultats-Entwicklung
Sie haben dieses Quiz noch nicht gespielt